000 00684nam a2200253Ia 4500
003 OSt
005 20221005022354.0
006 a|||||r|||| 00| 0
007 ta
008 221004b |||||||| |||| 00| 0 per d
020 _c20
024 _a10228
037 _cTextual
040 _aCRL
_cCRL
_bper
041 _2per
_aper
082 _aDelta7y7F86, 164K2
100 _aNizami Khaliq Ahmad Ed.
_992534
245 0 _aKhair-ul-majalis
260 _aAligarh
_bMuslim University India
_c1962
300 _a308+67p.
_ccm.
650 _aSPIRITUALISM
942 _hDelta7y7F86, 164K2
_cTEXL
_2cc
999 _c929278
_d929278